Meta-analysis in environmental economics
Αποθηκεύτηκε σε:
| Κύριος συγγραφέας: | |
|---|---|
| Μορφή: | Βιβλίο |
| Γλώσσα: | English |
| Δημοσίευση: |
Dordrecht :
Kluwer Academic Publishers,
c1997
|
| Σειρά: | Economy & environment ;
; 12 |
| Θέματα: | |
| Ετικέτες: |
Προσθήκη ετικέτας
Δεν υπάρχουν, Καταχωρήστε ετικέτα πρώτοι!
|
MARC
| LEADER | 00000nam a2200000 i 4500 | ||
|---|---|---|---|
| 001 | 1/15903 | ||
| 008 | 980717s1997 eng d | ||
| 020 | |a 0-7923-4592-4 | ||
| 035 | |l 10020005 | ||
| 040 | |a GR-MY-UA |b gre |e aacr | ||
| 041 | 0 | |a eng | |
| 082 | 0 | |a 333.7 | |
| 100 | 1 | |a Bergh, Jeroen C. J. M. van den |d 1965- | |
| 245 | 1 | 0 | |a Meta-analysis in environmental economics / |c J. C. J. M. van den Bergh... et. al. |
| 260 | |a Dordrecht : |b Kluwer Academic Publishers, |c c1997 | ||
| 300 | |a 219 p. |b tabl. | ||
| 490 | 1 | |a Economy & environment |v ; 12 | |
| 504 | |a Includes bibliographical references and index | ||
| 650 | 0 | 0 | |a Environmental policy |x Economic aspects |x Statistical methods. |
| 650 | 0 | 0 | |a Environmental economics. |
| 650 | 0 | 0 | |a Meta-analysis. |
| 830 | 0 | |a Economy & environment ; |v ; 12 | |
| 852 | |a INST |b LESVOS |e 19980717 |h 333.7 BER |p 005100013304 |q 005100013304 |t BK |y 0 | ||
| 901 | |a BIBL-1998-3 | ||
| 909 | |a Λ |b 058482 | ||
| 922 | |a 1ΕΛΗ |b 199807 |c ΚΠΣ/ΤΠ |d ΠΑΠΑΣΩΤΗΡΙΟΥ | ||
| 950 | |a 107-1998-04-06 | ||